Forest harvesting, អាជីវកម្មព្រៃឈើ (Record no. 9376)

000 -LEADER
fixed length control field 00304nam a22001217a 4500
040 ## - CATALOGING SOURCE
Transcribing agency SY
082 ## - DEWEY DECIMAL CLASSIFICATION NUMBER
Classification number 642
100 ## - MAIN ENTRY--AUTHOR NAME
Personal name SIENG DARONG; សៀង ដារង្គ
245 ## - TITLE STATEMENT
Title Forest harvesting, អាជីវកម្មព្រៃឈើ
260 ## - PUBLICATION, DISTRIBUTION, ETC. (IMPRINT)
Place of publication RUA
Name of publisher SIE
Year of publication 1997
300 ## - PHYSICAL DESCRIPTION
Number of Pages 104p.
942 ## - ADDED ENTRY ELEMENTS (KOHA)
Koha item type សៀវភៅភាសាខ្មែរ
952 ## - LOCATION AND ITEM INFORMATION (KOHA)
Withdrawn status [LOCAL, KOHA] 0
Holdings
Permanent Location Date acquired Koha item type Lost status Shelving location Barcode Current Location Full call number
Library Block C2016-08-31សៀវភៅភាសាខ្មែរ C250RUA047774Library Block C642 SIE 1997 C250
មជ្ឈមណ្ឌលឯការនៃសាកលវិទ្យាល័យភូមិន្ទកសិកម្មចំការដូង

Powered by Koha